00787 2200241 4500001002100000005001500021020002200036035002400058040001200082082001900094084001900113090001900132245021100151250000900362260002900371300004200400650002500442700001800467850001200485990001600497990001600513990001600529YOGYA00000000010024320140823125323 a978-979-29-2420-6 0010-111300000000359 aYOPDYOG 2[22]a384.5455 aQ 384.5455 Jar aQ 384.5455 Jar aJARINGAN wireless di dunia berkembang:bsebuah panduan praktis untuk merencanakan dan membuat infrastruktur telekomunikasi biaya murah/cPenerjemah tim ODC (one destination center) Onno W. Purbo...[et al.]. aEd.2 aYogyakarta:bAndi,c2007 ax, 359 hlm.:bilus.;c28 cm. (3 eks.) aKomunikasi, jaringan aOnno W. Purbo aYOPDYOG a3822/B.2013 a3823/B.2013 a3824/B.2013